La España del sur

Saved in:
Bibliographic Details
Main Author: Sermet, Jean (Author)
Format: Book
Language:Spanish
Published: Barcelona, España Juventud 1956
Subjects:
Tags: Add Tag
No Tags, Be the first to tag this record!

MARC

LEADER 00000nam a2200000 a 4500
001 UCP7915
003 CL-VaPUC
005 20210521001541.0
008 000106e19560000SP |||||||||||||||||spa|d
999 |c 284952  |d 284950 
040 |c Pontificia Universidad Católica de Valparaíso 
082 0 4 |a 946 SER 1956  |2 21 
100 0 |a Sermet, Jean  |e author  |9 437620 
245 1 3 |a La España del sur 
260 |a Barcelona, España  |b Juventud  |c 1956 
300 |a 360 páginas 
583 |a last modification  |c 20000106 00:00:00  |k Rodrigo Vera 
650 0 |a Historia de España  |9 315435 
650 0 |a Geografía física   |z ESPAÑA  |z MURCIA  |z ANDALUCIA  |z GRANADA  |z ESTRECHO DE GIBRALTAR  |z EXTREMADURA  |9 259347 
852 |a BIBCUR 
942 |c BK  |2 ddc 
945 |d 20000106 00:00:00  |a rherrera 
952 |0 0  |1 0  |2 ddc  |4 0  |6 946_000000000000000_SER_1956  |7 0  |8 A  |9 329273  |a BIBHIS  |b BIBHIS  |d 2019-11-20  |i 1376365  |o 946 SER 1956  |p 1376365  |r 2025-01-20  |t 1  |w 2019-11-20  |y BK  |k HIS